<?xml version="1.0" encoding="UTF-8"?>
<record
    xmlns:xsi="http://www.w3.org/2001/XMLSchema-instance"
    xsi:schemaLocation="http://www.loc.gov/MARC21/slim http://www.loc.gov/standards/marcxml/schema/MARC21slim.xsd"
    xmlns="http://www.loc.gov/MARC21/slim">

  <leader>01392naa a2200217 i 4500</leader>
  <controlfield tag="001">690</controlfield>
  <controlfield tag="003">KOSZ 005</controlfield>
  <controlfield tag="005">20180214113045.0</controlfield>
  <controlfield tag="008">150310s2007    pl     f     |100 0 pol</controlfield>
  <datafield tag="040" ind1=" " ind2=" ">
    <subfield code="c">BPK</subfield>
    <subfield code="d">KOSZ 005/EG</subfield>
  </datafield>
  <datafield tag="100" ind1="1" ind2=" ">
    <subfield code="a">KRZY&#x17B;Y&#x143;SKI, Tomasz.</subfield>
    <subfield code="d">1997 - .</subfield>
    <subfield code="b">Politechnika Koszali&#x144;ska - Wydzia&#x142; Mechaniczny,</subfield>
    <subfield code="c">Katedra Mechaniki Precyzyjnej - Zak&#x142;ad Mechatroniki</subfield>
  </datafield>
  <datafield tag="245" ind1="1" ind2="0">
    <subfield code="a">P&#xF3;&#x142;aktywne zawieszenie MagneRide = Semi-active suspension systems MagneRide /</subfield>
    <subfield code="c">Sebastian Pecolt, Tomasz Krzy&#x17C;y&#x144;ski.</subfield>
  </datafield>
  <datafield tag="500" ind1=" " ind2=" ">
    <subfield code="a">Dane z autopsji.</subfield>
  </datafield>
  <datafield tag="520" ind1=" " ind2=" ">
    <subfield code="a">P&#xF3;&#x142;aktywne zawieszenie MagneRide to rozwi&#x105;zanie, kt&#xF3;re bazuje na p&#x142;ynie magnetyczno-reologicznym daj&#x105;cym zmienne "bezstopniowe" t&#x142;umienie drga&#x144; w czasie rzeczywistym. System taki jest w stanie reagowa&#x107; na warunki drogowe w oparciu o dane z czujnik&#xF3;w monitoruj&#x105;cych ruchy karoserii i k&#xF3;&#x142;.</subfield>
  </datafield>
  <datafield tag="650" ind1=" " ind2="0">
    <subfield code="a">Drgania - badanie.</subfield>
  </datafield>
  <datafield tag="650" ind1=" " ind2="0">
    <subfield code="a">Komunikacja drogowa - bezpiecze&#x144;stwo.</subfield>
  </datafield>
  <datafield tag="655" ind1=" " ind2="0">
    <subfield code="a">Materia&#x142;y konferencyjne.</subfield>
  </datafield>
  <datafield tag="773" ind1="0" ind2=" ">
    <subfield code="i">W :</subfield>
    <subfield code="t">X Konferencja Naukowo-Techniczna nt. "Innowacje w motoryzacji a ochrona &#x15B;rodowiska" : [X S&#x142;upskie Forum Motoryzacji], S&#x142;upsk 25.5.2007 : praca zbiorowa / pod red. Leona Kukie&#x142;ki. -</subfield>
    <subfield code="d">S&#x142;upsk : Starostwo Powiatowe, 2007. -</subfield>
    <subfield code="g">s. 343-350</subfield>
  </datafield>
  <datafield tag="711" ind1="2" ind2="2">
    <subfield code="a">S&#x142;upskie Forum Motoryzacji</subfield>
    <subfield code="n">(10 ;</subfield>
    <subfield code="d">2007 ;</subfield>
    <subfield code="c">S&#x142;upsk, Polska).</subfield>
    <subfield code="p">S&#x142;upskie Forum Motoryzacji'2007</subfield>
  </datafield>
  <datafield tag="942" ind1=" " ind2=" ">
    <subfield code="c">ROZ</subfield>
    <subfield code="2">UKD</subfield>
  </datafield>
  <datafield tag="999" ind1=" " ind2=" ">
    <subfield code="c">690</subfield>
    <subfield code="d">690</subfield>
  </datafield>
  <datafield tag="952" ind1=" " ind2=" ">
    <subfield code="0">0</subfield>
    <subfield code="1">0</subfield>
    <subfield code="4">0</subfield>
    <subfield code="7">0</subfield>
    <subfield code="a">BPK</subfield>
    <subfield code="b">BPK</subfield>
    <subfield code="o">84506</subfield>
    <subfield code="y">ROZ</subfield>
  </datafield>
</record>
